Processy planirovanija v ekonomike informacionnyj aspekt
Saved in:
| Main Author: | |
|---|---|
| Format: | Book |
| Language: | Russian |
| Published: |
Moskva
Izdateľstvo Ekonomika
1971
|
| Edition: | 2. izd. pererabot. i dopoln. |
| Subjects: | |
| Tags: |
No Tags, Be the first to tag this record!
|
MARC
| LEADER | 00000nam a2200000 4500 | ||
|---|---|---|---|
| 001 | c123750 | ||
| 005 | 20041019155229.3 | ||
| 041 | 0 | |a rus | |
| 044 | |a RU | ||
| 245 | 1 | 0 | |a Processy planirovanija v ekonomike |b informacionnyj aspekt |c E.Z. Majminas |
| 250 | |a 2. izd. pererabot. i dopoln. | ||
| 264 | 1 | |a Moskva |b Izdateľstvo Ekonomika |c 1971 | |
| 300 | |a 389 s. | ||
| 610 | 2 | 0 | |a plánovanie hospodárske |
| 610 | 2 | 0 | |a modely ekonomicko-matematické |
| 610 | 2 | 0 | |a informácie |
| 100 | 1 | |a Majminas, E.Z. | |